000 00653cam a22002174a 4500
005 20250605164016.0
008 250528s ||||||||||||||||||||||||d
035 _a16178
020 _a435686100
040 _aGR-AtMCL
_bgre
_dGR-AtMCL
_eAACR2
245 1 _aAdvanced Level Physics / Fourth Edition
250 _a4th
260 _bHeinemann Educational Books,
_c1977
300 _a1024
520 _aMechanics and Properties of Matter, Heat, Geometrical Optics, Waves and Wave Optics and Sound, Electricity and Atomic Physics, Index.
700 1 _aNelkon M
_92232
700 1 _aParker P
_92233
942 _cBK
999 _c1712
_d1712